Library of the University of Algiers 3
Ibrahim Sultan Cheibout
شعار جامعة الجزائر 3
مكتبة جامعة الجزائر 3
إبراهيم سلطان شيبوط

عقود التجارة الالكترونية : (رقم التسجيلة. 44498)

تفاصيل مارك
000 -LEADER
fixed length control field 01354nam a2200241Ia 4500
003 - CONTROL NUMBER IDENTIFIER
control field Ost
005 - DATE AND TIME OF LATEST TRANSACTION
control field 20260507075428.0
008 - FIXED-LENGTH DATA ELEMENTS--GENERAL INFORMATION
fixed length control field 260507s9999||||xx |||||||||||||| ||und||
020 ## - INTERNATIONAL STANDARD BOOK NUMBER
International Standard Book Number 9789961523025
040 ## - CATALOGING SOURCE
Transcribing agency fsecg
041 ## - LANGUAGE CODE
Language code of text/sound track or separate title ara
082 ## - DEWEY DECIMAL CLASSIFICATION NUMBER
Classification number 346.02
100 ## - MAIN ENTRY--PERSONAL NAME
Personal name سعداوي، سليم
Relator term مؤلف
245 #0 - TITLE STATEMENT
Title عقود التجارة الالكترونية :
Remainder of title دراسة مقارنة /
Statement of responsibility, etc. سليم سعداوي
260 ## - PUBLICATION, DISTRIBUTION, ETC.
Place of publication, distribution, etc. الجزائر:
Name of publisher, distributor, etc. دار الخلدونية,
Date of publication, distribution, etc. 2008
300 ## - PHYSICAL DESCRIPTION
Extent 184 صفحة؛
Dimensions 24 سم
504 ## - BIBLIOGRAPHY, ETC. NOTE
Bibliography, etc. note مراجع ص.179
520 ## - SUMMARY, ETC.
Summary, etc. مفهوم التجارة الالكترونية و مفهوم التعاقد عن بعد و العقود الالكترونية و تناول مرحلة الاعلام في العقد الالكتروني و الايجاب و القبول فيه و صياغة العقد من حيث أطرافه و الصياغة التفضيلية للعقد كما تم تناول أنواع التوقيع الالكتروني و توثيقه و حجيته و موقف بعض التشريعات المقارنة من تزوير المستند الالكيروني و تنامي التجارة الالكترونية و مزاياها .
653 ## - INDEX TERM--UNCONTROLLED
Uncontrolled term التجارة
653 ## - INDEX TERM--UNCONTROLLED
Uncontrolled term التجارة الالكترونية
653 ## - INDEX TERM--UNCONTROLLED
Uncontrolled term العقود التجارية
942 ## - ADDED ENTRY ELEMENTS (KOHA)
Koha item type كتب
المقتنيات
Withdrawn status Lost status Source of classification or shelving scheme Damaged status Not for loan Home library Current library Date acquired Serial enumeration / chronology Inventory number Total checkouts Full call number Barcode Date last seen Price effective from Koha item type
    Dewey Decimal Classification   NOT LOAN / إعارة داخلية مكتبة كلية العلوم الإقتصادية والعلوم التجارية وعلوم التسيير مكتبة كلية العلوم الإقتصادية والعلوم التجارية وعلوم التسيير 07/05/2026 الطابق الأرضي 2009/3068   أ/3068ن1 2009/3068 07/05/2026 07/05/2026 كتب
    Dewey Decimal Classification   Available مكتبة كلية العلوم الإقتصادية والعلوم التجارية وعلوم التسيير مكتبة كلية العلوم الإقتصادية والعلوم التجارية وعلوم التسيير 07/05/2026 الطابق الأرضي 2009/3069   أ/3068ن2 2009/3069 07/05/2026 07/05/2026 كتب
    Dewey Decimal Classification   Available مكتبة كلية العلوم الإقتصادية والعلوم التجارية وعلوم التسيير مكتبة كلية العلوم الإقتصادية والعلوم التجارية وعلوم التسيير 07/05/2026 الطابق الأرضي 2009/3070   أ/3068ن3 2009/3070 07/05/2026 07/05/2026 كتب
    Dewey Decimal Classification   Available مكتبة كلية العلوم الإقتصادية والعلوم التجارية وعلوم التسيير مكتبة كلية العلوم الإقتصادية والعلوم التجارية وعلوم التسيير 07/05/2026 الطابق الثاني 2009/3071   أ/3068ن4 2009/3071 07/05/2026 07/05/2026 كتب

موارد الويب المفتوحة


© University of Algiers 3 All Rights Reserved
|
Implemented by LECHELAH Riad